000 00841nam a2200229 i 4500
001 175848
003 ES-MaACL
005 20230906215929.0
008 101124s2010 sp a |||| | spa d
020 _a978-84-87616-98-3
080 _a821.134.2-32"19"(082.2)
080 _a791.862(0:82)
111 2 _aCertamen Taurino Internacional de Narración Corta (
_n5º.
_d2010.
_cSantander)
_9147705
245 1 0 _aV Certamen Taurino Internacional de Narración Corta /
_cAsociación Cultural "Peña Félix Rodríguez".
250 _a5ª ed.
260 _aSantander :
_bPeña Taurina Félix Rodríguez,
_c2010.
300 _a77 p. :
_bil. ;
_c20 cm.
650 7 _aCuentos españoles-
_yS.XXI.
_9143102
650 4 _aCorridas de toros-
_vCuentos.
_9144065
710 2 _aPeña Taurina Félix Rodríguez.
_9144066
852 _aES-MaACL
_j2266-F-12
999 _c175848
_d175848